000 00936nam a2200265Ia 4500
003 OSt
005 20220925181459.0
006 a|||||r|||| 00| 0
007 ta
008 220923b |||||||| |||| 00| 0 eng d
020 _a9781848448742
_c4011.1500000000001
037 _b32485, 30/06/2011, Segment Book Distrobutors
_cGeneral Book
040 _aRTL
_cRTL
_beng
041 _2eng
_aeng
082 _aX:54:(G:55), Q1
100 _aJAIN Subhash C
245 0 _aEnhancing global competitiveness through sustainable environmental stewardship
260 _aCheltenham
_bEdward Elgar
_c2011
300 _axiii, 234p. Bibliography chapterwise
_ccm.
490 _aNew Horizons in International Business
650 _aGeography
700 _a KEDIA Ben L
_9253935
942 _hX:54:(G:55), Q1
_cGB
_2CC
999 _c499410
_d499410